Представление документа в формате RUSMARC

ПолеНазваниеЗначение
  Тип записи a
  Библиографический уровень m
001 Контрольный номер d197b9ad66824bcd9021ae842fd32e56
005 Дата корректировки 20160202140005.3
010 Индекс ISBN __
a ISBN 978-5-16-006502-1
d Цена 1086,00
101 Язык документа 0_
a Язык текста rus
102 Страна публикации __
a Страна публикации RU
200 Заглавие и сведения об ответственности 1_
a Заглавие Экономический анализ
b Общее обозначение материала Текст
e Сведения, относящиеся к заглавию учебник
f Первые сведения об ответственности Г. В. Савицкая
205 Сведения об издании __
a Основные сведения об издании 14-е изд., перераб. и доп.
210 Выходные данные 1_
a Место издания М.
c Издательство ИНФРА-М
d Дата издания 2014
215 Физическое описание __
a Объем 649с.
225 Серия 2_
a Серия Высшее образование. Бакалавриат
610 Ключевые слова 0_
a Ключевые слова экономический анализ
a Ключевые слова Методика экономического анализа деятельности предприятия
a Ключевые слова Методика факторного анализа
a Ключевые слова анализ маркетинговой деятельности предприятия
686 Индексы других классификаций __
a Классификационный индекс 65.053
700 Автор _1
a Фамилия Савицкая Г. В.
801 Источник записи _0
a Страна RU
b Организация РУК
g Правила каталогизации PSBO
801 Источник записи _1
a Страна RU
b Организация РУК
g Правила каталогизации PSBO
852 Данные о местонахождении __
i Авторский знак С 13
j Шифр хранения 65.053
b Сигла хранения ЧЗ_1
t Номер экземпляра 1
p Инвентарный номер 1800150225
901 Тип документа __
t Тип документа m
937 Технологическая информация __
a Создатель записи (имя) Носкова
938 Служебная информация __
a Название организации Саранский филиал
952 Тип литературы __
b Гриф литературы для ВШ гриф МО
c Вид литературы учебник